[Event "IECG CM.2003.0.00208 email"]
[Site "IECG email"]
[Date "2003.01.16"]
[Round "?"]
[White "Marechal, Andy"]
[Black "Szalai, Mihaly"]
[Result "0-1"]
[WhiteElo "2314"]
[BlackElo "2336"]
[PlyCount "54"]
[EventDate "2003.01.16"]
[EventType "tourn (corr)"]
[EventRounds "6"]
[SourceTitle "Corr 2008"]
[Source "ChessBase"]
[SourceDate "2008.06.24"]
[SourceVersion "1"]
[SourceVersionDate "2008.06.24"]
[SourceQuality "1"]

1. e4 c5 2. Nf3 Nc6 3. d4 cxd4 4. Nxd4 Nf6 5. Nc3 e5 6. Ndb5 d6 7. Bg5 a6 8. Na3 b5 9. Nd5 Be7 10. Bxf6 Bxf6 11. c3 0-0 12. Nc2 Bg5 13. a4 bxa4 14. Rxa4 a5 15. Bc4 Rb8 16. b3 Kh8 17. Nce3 Bxe3 18. Nxe3 f5 19. exf5 Bxf5 20. Qd5 Bc8 21. Qxc6 Bb7 22. Qb5 Bxg2 23. Qxb8 Qxb8 24. Nxg2 Qb7 25. 0-0 d5 26. Bd3 Qxb3 27. Rxa5 d4 0-1

[Event "IECG CM.2002.0.00206 email"]
[Site "IECG email"]
[Date "2002.12.27"]
[Round "?"]
[White "Simmelink, Joop Theo"]
[Black "Szalai, Mihaly"]
[Result "0-1"]
[WhiteElo "2252"]
[BlackElo "2319"]
[PlyCount "80"]
[EventDate "2002.12.27"]
[EventType "tourn (corr)"]
[EventRounds "6"]
[SourceTitle "Corr 2008"]
[Source "ChessBase"]
[SourceDate "2008.06.24"]
[SourceVersion "1"]
[SourceVersionDate "2008.06.24"]
[SourceQuality "1"]

1. d4 d5 2. c4 c6 3. Nf3 Nf6 4. e3 Bf5 5. Nc3 e6 6. Nh4 Bg4 7. Qb3 Qb6 8. h3 Bh5 9. g4 Bg6 10. Nxg6 hxg6 11. Bg2 dxc4 12. Qxc4 Nbd7 13. Bd2 Be7 14. 0-0-0 Qc7 15. e4 Nb6 16. Qb3 a5 17. Ne2 a4 18. Qc3 a3 19. b3 0-0 20. Bf4 Qd7 21. Qf3 Ra5 22. Kb1 Rb5 23. h4 Nc4 24. h5 Nb2 25. Rdg1 g5 26. h6 g6 27. h7+ Kh8 28. Bc1 Qd8 29. Qg3 c5 30. Bxg5 cxd4 31. e5 d3 32. Nc3 Nd5 33. Nxb5 Bxg5 34. Bxd5 Qxd5 35. Nxa3 Na4 36. bxa4 Qe4 37. Rd1 Qb4+ 38. Ka1 Bf4 39. Rxd3 Bxg3 40. fxg3 Qxa4 0-1

[Event "IECG CM.2002.0.00203 email"]
[Site "IECG email"]
[Date "2002.12.05"]
[Round "?"]
[White "Danzanvilliers, Patrice"]
[Black "Szalai, Mihaly"]
[Result "1/2-1/2"]
[WhiteElo "2319"]
[BlackElo "2319"]
[PlyCount "88"]
[EventDate "2002.12.05"]
[EventType "tourn (corr)"]
[EventRounds "6"]
[SourceTitle "Corr 2008"]
[Source "ChessBase"]
[SourceDate "2008.06.24"]
[SourceVersion "1"]
[SourceVersionDate "2008.06.24"]
[SourceQuality "1"]

1. e4 c5 2. Nf3 Nc6 3. d4 cxd4 4. Nxd4 Nf6 5. Nc3 e5 6. Ndb5 d6 7. Nd5 Nxd5 8. exd5 Nb8 9. c4 Be7 10. Bd3 a6 11. Nc3 f5 12. 0-0 0-0 13. f3 Nd7 14. Be3 Bg5 15. Bf2 g6 16. b4 b6 17. Rb1 Rf7 18. Na4 Kh8 19. Re1 Bh4 20. g3 Bf6 21. c5 bxc5 22. bxc5 Nxc5 23. Nxc5 dxc5 24. Bc4 Qd6 25. Qa4 Bb7 26. Qa5 Qd8 27. Qxd8+ Rxd8 28. d6 Rg7 29. Bxc5 Bxf3 30. Bxa6 e4 31. Rb3 Rgd7 32. a4 Kg7 33. Kf2 Rxd6 34. Bxd6 Rxd6 35. Be2 Rd2 36. Rb7+ Kh6 37. Kf1 Bxe2+ 38. Rxe2 Rd1+ 39. Kg2 Ra1 40. Rb4 Kg5 41. Rc4 Ra3 42. Rd2 Kg4 43. h3+ Kg5 44. Rd5 Ra2+ 1/2-1/2

[Event "IECG CM.2002.0.00200 email"]
[Site "IECG email"]
[Date "2002.11.14"]
[Round "?"]
[White "Szalai, Mihaly"]
[Black "Massimini Gerbino, Massimiliano"]
[Result "1/2-1/2"]
[WhiteElo "2319"]
[BlackElo "2205"]
[PlyCount "82"]
[EventDate "2002.11.14"]
[EventType "tourn (corr)"]
[EventRounds "6"]
[SourceTitle "Corr 2008"]
[Source "ChessBase"]
[SourceDate "2008.06.24"]
[SourceVersion "1"]
[SourceVersionDate "2008.06.24"]
[SourceQuality "1"]

1. e4 e5 2. Nf3 Nc6 3. Bc4 Bc5 4. c3 Nf6 5. d3 d6 6. 0-0 0-0 7. Nbd2 a6 8. Bb3 Ba7 9. Nc4 b5 10. Ne3 Na5 11. Bc2 c5 12. h3 Nc6 13. Nh2 d5 14. Qf3 d4 15. Nf5 Bxf5 16. exf5 Qd6 17. Ng4 Rfe8 18. Bg5 Nxg4 19. Qxg4 Bb6 20. f6 Bd8 21. fxg7 Bxg5 22. Qxg5 Qg6 23. Qd2 Rad8 24. Rae1 Kxg7 25. f4 dxc3 26. bxc3 e4 27. f5 Qf6 28. Qf4 Kh8 29. Rxe4 Qxc3 30. Bb3 Rxe4 31. Qxe4 Qd4+ 32. Qxd4+ Nxd4 33. Bxf7 Kg7 34. Bh5 Kf6 35. Bf3 b4 36. g4 a5 37. Bd1 Nc6 38. Bc2 h5 39. gxh5 Nd4 40. Bd1 Ra8 41. Ba4 Rh8 1/2-1/2

[Event "IECG CM.2002.0.00198 email"]
[Site "IECG email"]
[Date "2002.10.02"]
[Round "?"]
[White "Krol, Wladyslaw"]
[Black "Szalai, Mihaly"]
[Result "1/2-1/2"]
[WhiteElo "2263"]
[BlackElo "2308"]
[PlyCount "53"]
[EventDate "2002.10.02"]
[EventType "tourn (corr)"]
[EventRounds "6"]
[SourceTitle "Corr 2008"]
[Source "ChessBase"]
[SourceDate "2008.06.24"]
[SourceVersion "1"]
[SourceVersionDate "2008.06.24"]
[SourceQuality "1"]

1. e4 c5 2. f4 d5 3. Nf3 e6 4. exd5 exd5 5. Bb5+ Bd7 6. Qe2+ Qe7 7. Nc3 Qxe2+ 8. Bxe2 Nf6 9. 0-0 a6 10. Re1 Be7 11. d4 Nc6 12. Be3 cxd4 13. Bxd4 Nxd4 14. Nxd4 0-0 15. a3 Bc5 16. Rad1 Rfe8 17. Kf1 Rac8 18. Rd3 Bd6 19. Bf3 Rxe1+ 20. Kxe1 Re8+ 21. Kf1 Bxf4 22. Nxd5 Nxd5 23. Bxd5 Re3 24. Rd1 Bg4 25. Nf3 b6 26. Kf2 Re8 27. Bc6 1/2-1/2

[Event "IECG CM.2002.0.00189 email"]
[Site "IECG email"]
[Date "2002.07.30"]
[Round "?"]
[White "Hnatovsky, Nicholas"]
[Black "Szalai, Mihaly"]
[Result "1/2-1/2"]
[WhiteElo "2307"]
[BlackElo "2313"]
[PlyCount "45"]
[EventDate "2002.07.30"]
[EventType "tourn (corr)"]
[EventRounds "6"]
[SourceTitle "Corr 2008"]
[Source "ChessBase"]
[SourceDate "2008.06.24"]
[SourceVersion "1"]
[SourceVersionDate "2008.06.24"]
[SourceQuality "1"]

1. d4 Nf6 2. Nf3 d5 3. c4 c6 4. cxd5 cxd5 5. Nc3 Nc6 6. Bf4 Bf5 7. e3 e6 8. Ne5 Nxe5 9. Bxe5 Nd7 10. Qb3 Nxe5 11. dxe5 Be7 12. Bb5+ Kf8 13. 0-0 g5 14. Rac1 Kg7 15. Be2 Qb6 16. Qxb6 axb6 17. Rfd1 Rhc8 18. a3 f6 19. e4 Bxe4 20. Nxe4 dxe4 21. Rxc8 Rxc8 22. Rd7 Kf8 23. b4 1/2-1/2

[Event "IECG CM.2002.0.00186 email"]
[Site "IECG email"]
[Date "2002.06.29"]
[Round "?"]
[White "Szalai, Mihaly"]
[Black "Cummings, Nicolas V"]
[Result "1/2-1/2"]
[WhiteElo "2301"]
[BlackElo "2242"]
[PlyCount "52"]
[EventDate "2002.06.29"]
[EventType "tourn (corr)"]
[EventRounds "6"]
[SourceTitle "Corr 2008"]
[Source "ChessBase"]
[SourceDate "2008.06.24"]
[SourceVersion "1"]
[SourceVersionDate "2008.06.24"]
[SourceQuality "1"]

1. e4 a6 2. d4 b5 3. Nf3 Bb7 4. Bd3 Nf6 5. Nbd2 e6 6. 0-0 c5 7. dxc5 Bxc5 8. e5 Nd5 9. Ne4 Be7 10. c3 Nc6 11. Bg5 Qc7 12. Bxe7 Kxe7 13. Re1 Nxe5 14. Nxe5 Qxe5 15. Nc5 Qc7 16. Nxb7 Nf6 17. Qb3 Qxb7 18. a4 Rhb8 19. axb5 axb5 20. Rxa8 Qxa8 21. Qb4+ d6 22. Bxb5 Qd5 23. c4 Qd4 24. Qa4 Ne4 25. Qc2 d5 26. cxd5 Rxb5 1/2-1/2

[Event "IECG CM.2002.0.00180 email"]
[Site "IECG email"]
[Date "2002.05.01"]
[Round "?"]
[White "Szalai, Mihaly"]
[Black "Koch, Christian"]
[Result "1-0"]
[WhiteElo "2295"]
[BlackElo "2295"]
[PlyCount "129"]
[EventDate "2002.05.01"]
[EventType "tourn (corr)"]
[EventRounds "6"]
[SourceTitle "Corr 2008"]
[Source "ChessBase"]
[SourceDate "2008.06.24"]
[SourceVersion "1"]
[SourceVersionDate "2008.06.24"]
[SourceQuality "1"]

1. e4 e6 2. d4 d5 3. Nd2 c5 4. exd5 exd5 5. Ngf3 Nc6 6. Bb5 Bd6 7. dxc5 Bxc5 8. 0-0 Nge7 9. Nb3 Bd6 10. Re1 0-0 11. Bg5 Qc7 12. c3 a6 13. Be2 f6 14. Bh4 Bd7 15. Bg3 Bxg3 16. hxg3 Ne5 17. Nbd4 Rae8 18. Qb3 b5 19. Rad1 Qc5 20. Nc2 Nc4 21. Nb4 a5 22. Nd3 Qd6 23. Nd4 Rb8 24. Nf4 a4 25. Qb4 Qxb4 26. cxb4 Rfe8 27. b3 axb3 28. Nxb3 Ra8 29. Nc5 Bf5 30. Bf3 Bc2 31. Rc1 Be4 32. Nxe4 dxe4 33. Bxe4 Rac8 34. Nd5 Kf8 35. Nxe7 Rxe7 36. Bxh7 Rxe1+ 37. Rxe1 Ra8 38. Bd3 Ra4 39. f4 Kf7 40. Bf5 Rxb4 41. Be6+ Kg6 42. Kf2 Nd6 43. Bb3 Rd4 44. Rd1 Rxd1 45. Bxd1 Kf7 46. g4 Ke6 47. Bb3+ Kd7 48. Ke3 Nc8 49. Kd4 Kd6 50. Bd5 Nb6 51. Bf7 Nc8 52. g3 Na7 53. Bd5 Nc8 54. a3 Ne7 55. Be4 Nc8 56. Bd3 Kc6 57. g5 fxg5 58. fxg5 Nb6 59. Ke5 Nd7+ 60. Kf5 Nf8 61. g4 Kb6 62. Ke5 Kc6 63. Be4+ Kc7 64. g6 Kd8 65. Bf5 1-0

[Event "IECG CM.2002.0.00167 email"]
[Site "IECG email"]
[Date "2002.01.23"]
[Round "?"]
[White "Szalai, Mihaly"]
[Black "Simmelink, Joop Theo"]
[Result "1/2-1/2"]
[WhiteElo "2292"]
[BlackElo "2315"]
[PlyCount "174"]
[EventDate "2002.01.23"]
[EventType "tourn (corr)"]
[EventRounds "6"]
[SourceTitle "Corr 2008"]
[Source "ChessBase"]
[SourceDate "2008.06.24"]
[SourceVersion "1"]
[SourceVersionDate "2008.06.24"]
[SourceQuality "1"]

1. e4 c5 2. Nf3 d6 3. Bb5+ Nd7 4. Bxd7+ Bxd7 5. 0-0 Nf6 6. d4 Nxe4 7. Re1 Nf6 8. Nc3 cxd4 9. Nxd4 e6 10. Bf4 Qb6 11. a4 Be7 12. Ndb5 Bxb5 13. axb5 Qc7 14. Be3 b6 15. Qf3 d5 16. Ra4 0-0 17. Rea1 Bd6 18. Bf4 Bxf4 19. Rxf4 Rfc8 20. h3 Nd7 21. Rh4 Ne5 22. Qh5 h6 23. Rha4 Nc4 24. Nd1 Nd6 25. Nc3 Qd7 26. Qf3 Rc5 27. Qg3 Rc4 28. Rxc4 Nxc4 29. b3 Nd6 30. Qd3 Rc8 31. Ne2 Qc7 32. Rc1 Qc5 33. Nd4 e5 34. Nc6 Nxb5 35. Nxe5 Re8 36. Re1 Qd4 37. Qxb5 Rxe5 38. Rxe5 Qa1+ 39. Qf1 Qxe5 40. Qa6 Qc7 41. Qb5 Qxc2 42. Qxd5 a5 43. Qd8+ Kh7 44. Qd5 f5 45. g3 Qe4 46. Qb5 Qe6 47. f4 g5 48. Kf2 gxf4 49. gxf4 Kg6 50. Kf3 h5 51. h4 Kf6 52. Kf2 Ke7 53. Kf3 Qe4+ 54. Kg3 Qe3+ 55. Kg2 Qd2+ 56. Kg3 Qc3+ 57. Kg2 Qc2+ 58. Kg3 Qc5 59. Qe2+ Kd6 60. Qxh5 Qg1+ 61. Kh3 Qe3+ 62. Kg2 Qxb3 63. Qh8 Qe6 64. Kf2 Qe7 65. Qd4+ Kc6 66. Qc4+ Kb7 67. Qd5+ Ka7 68. Kf3 a4 69. Qxf5 a3 70. Qb5 Qe6 71. f5 Qc8 72. Kg4 Qc2 73. Qd7+ Ka6 74. Qd4 a2 75. f6 b5 76. Qd6+ Ka5 77. Qa3+ Qa4+ 78. Qxa4+ bxa4 79. f7 a1Q 80. f8Q Qd4+ 81. Kg5 Qe3+ 82. Kg6 Qd3+ 83. Kg5 a3 84. h5 Qe3+ 85. Kg6 Qg1+ 86. Kh7 Qb1+ 87. Kg7 a2 1/2-1/2

[Event "IECG CM.2001.0.00160"]
[Site "IECG email"]
[Date "2001.11.22"]
[Round "?"]
[White "Diaz, Sergio Moreira"]
[Black "Szalai, Mihaly"]
[Result "1/2-1/2"]
[WhiteElo "2325"]
[BlackElo "2232"]
[PlyCount "72"]
[EventDate "2001.11.22"]
[EventType "tourn (corr)"]
[EventRounds "6"]
[SourceTitle "Corr 2008"]
[Source "ChessBase"]
[SourceDate "2008.06.24"]
[SourceVersion "1"]
[SourceVersionDate "2008.06.24"]
[SourceQuality "1"]

1. e4 e5 2. Nf3 Nc6 3. Bb5 a6 4. Ba4 Nf6 5. 0-0 Be7 6. Re1 b5 7. Bb3 d6 8. c3 0-0 9. h3 Na5 10. Bc2 c5 11. d4 Qc7 12. Nbd2 cxd4 13. cxd4 Nc6 14. Nf1 Nxd4 15. Nxd4 exd4 16. Bf4 Qb6 17. Ng3 Re8 18. Qd2 Bb7 19. Rad1 Rac8 20. Re2 d5 21. e5 Ne4 22. Nxe4 dxe4 23. Qxd4 Bc5 24. Qd7 Rcd8 25. Qg4 Rxd1+ 26. Bxd1 Bd5 27. Bb3 Bxb3 28. axb3 Qe6 29. Qxe6 Rxe6 30. Rxe4 f6 31. Kf1 Bd6 32. f3 Bxe5 33. Bxe5 Rxe5 34. Rxe5 fxe5 35. b4 Kf7 36. Ke2 Ke6 1/2-1/2

[Event "IECG CM.2001.0.00155"]
[Site "IECG email"]
[Date "2001.09.23"]
[Round "?"]
[White "Dyakov, Alexander V"]
[Black "Szalai, Mihaly"]
[Result "0-1"]
[WhiteElo "2250"]
[BlackElo "2207"]
[PlyCount "71"]
[EventDate "2001.09.23"]
[EventType "tourn (corr)"]
[EventRounds "6"]
[SourceTitle "Corr 2008"]
[Source "ChessBase"]
[SourceDate "2008.06.24"]
[SourceVersion "1"]
[SourceVersionDate "2008.06.24"]
[SourceQuality "1"]

1. e4 e5 2. Nf3 Nc6 3. Bc4 Bc5 4. c3 Nf6 5. d3 d6 6. b4 Bb6 7. 0-0 0-0 8. a4 a6 9. Bb3 h6 10. Nbd2 Be6 11. Bxe6 fxe6 12. Nc4 Ba7 13. Be3 Bxe3 14. Nxe3 Qe8 15. Qb3 Nh5 16. Qd1 Nf4 17. Kh1 Rd8 18. b5 Nb8 19. Rb1 Nd7 20. d4 Qg6 21. Qc2 Nxg2 22. Nxg2 Rxf3 23. Nh4 Qf7 24. Nxf3 Qxf3+ 25. Kg1 Rf8 26. Rfe1 Rf4 27. Re3 Rg4+ 28. Kf1 Qg2+ 29. Ke2 Rf4 30. Rf1 Nf6 31. bxa6 bxa6 32. Qd3 exd4 33. cxd4 Nxe4 34. Ke1 Ng5 35. Ke2 c5 36. dxc5 0-1

[Event "IECG CM.2001.0.00155"]
[Site "IECG email"]
[Date "2001.09.23"]
[Round "?"]
[White "Szalai, Mihaly"]
[Black "Huerga, Jorge Hugo"]
[Result "1-0"]
[WhiteElo "2207"]
[BlackElo "2253"]
[PlyCount "49"]
[EventDate "2001.09.23"]
[EventType "tourn (corr)"]
[EventRounds "6"]
[SourceTitle "Corr 2008"]
[Source "ChessBase"]
[SourceDate "2008.06.24"]
[SourceVersion "1"]
[SourceVersionDate "2008.06.24"]
[SourceQuality "1"]

1. e4 e5 2. Nf3 Nc6 3. Nc3 g6 4. d4 exd4 5. Nxd4 Bg7 6. Be3 Nge7 7. Qd2 d6 8. 0-0-0 0-0 9. h4 h5 10. Be2 Nxd4 11. Bxd4 Bxd4 12. Qxd4 Nc6 13. Qd2 Ne5 14. Rdf1 Be6 15. f4 Nc4 16. Qd3 b5 17. b3 b4 18. Nd1 Nb6 19. f5 Bd7 20. g4 hxg4 21. f6 Kh7 22. h5 g5 23. e5+ Kh6 24. Ne3 Qc8 25. Rf5 1-0

[Event "IECG CM.2001.0.00155"]
[Site "IECG email"]
[Date "2001.09.23"]
[Round "?"]
[White "Szalai, Mihaly"]
[Black "Pahlen, Hans"]
[Result "1-0"]
[WhiteElo "2207"]
[BlackElo "2228"]
[PlyCount "83"]
[EventDate "2001.09.23"]
[EventType "tourn (corr)"]
[EventRounds "6"]
[SourceTitle "Corr 2008"]
[Source "ChessBase"]
[SourceDate "2008.06.24"]
[SourceVersion "1"]
[SourceVersionDate "2008.06.24"]
[SourceQuality "1"]

1. e4 c5 2. c3 g6 3. Nf3 Bg7 4. d4 cxd4 5. cxd4 d5 6. e5 Nc6 7. h3 h5 8. Nc3 Nh6 9. Qb3 Nf5 10. Bb5 Be6 11. 0-0 0-0 12. Bxc6 bxc6 13. Na4 Qa5 14. Qd1 f6 15. Nc5 Bc8 16. Re1 fxe5 17. Nxe5 Bxe5 18. Rxe5 Qb4 19. Nb3 Rf7 20. Bd2 Qd6 21. Qe2 Qf6 22. Re1 Rb8 23. Be3 Kh7 24. Qd2 Nxe3 25. R1xe3 Bf5 26. Nc5 Kg8 27. Re2 Qd6 28. b3 Re8 29. Qg5 Qf6 30. Qxf6 Rxf6 31. Rxe7 Rxe7 32. Rxe7 Rf7 33. Re5 Kg7 34. h4 Kf6 35. f3 Re7 36. Rxe7 Kxe7 37. Kf2 Kf6 38. Ke3 Bb1 39. a3 Bc2 40. Kf4 Bf5 41. g4 hxg4 42. fxg4 1-0

[Event "IECG CM.2001.0.00150"]
[Site "IECG email"]
[Date "2001.07.30"]
[Round "?"]
[White "Hallengren, Boris"]
[Black "Szalai, Mihaly"]
[Result "1/2-1/2"]
[WhiteElo "2278"]
[BlackElo "2221"]
[PlyCount "95"]
[EventDate "2001.07.30"]
[EventType "tourn (corr)"]
[EventRounds "6"]
[SourceTitle "Corr 2008"]
[Source "ChessBase"]
[SourceDate "2008.06.24"]
[SourceVersion "1"]
[SourceVersionDate "2008.06.24"]
[SourceQuality "1"]

1. e4 e5 2. Nf3 Nc6 3. Bb5 a6 4. Ba4 Nf6 5. 0-0 Be7 6. Re1 b5 7. Bb3 d6 8. c3 0-0 9. h3 Na5 10. Bc2 c5 11. d4 Qc7 12. Nbd2 cxd4 13. cxd4 Nc6 14. Nb3 a5 15. Be3 a4 16. Nbd2 Bd7 17. Rc1 Rfc8 18. dxe5 dxe5 19. a3 Rab8 20. Qe2 Qb7 21. Nb1 Be6 22. Bd3 Rd8 23. Nc3 b4 24. Nxa4 bxa3 25. bxa3 Bxa3 26. Nc5 Bxc5 27. Rxc5 Nb4 28. Rb5 Qa8 29. Bb1 Nxe4 30. Rxb8 Rxb8 31. Bc1 Nf6 32. Nxe5 Nbd5 33. Bd2 Rb2 34. Qd1 Qc8 35. Nd3 Rb8 36. Nf4 Bf5 37. Nxd5 Nxd5 38. Ba2 Be6 39. Qf3 Qc2 40. Bf4 Nxf4 41. Qxf4 Rf8 42. Bxe6 fxe6 43. Qe3 Rf6 44. Rc1 Qf5 45. f3 Qd5 46. Rc7 Rf7 47. Rc5 Qd6 48. Ra5 1/2-1/2

[Event "IECG CM.2001.0.00150"]
[Site "IECG email"]
[Date "2001.07.30"]
[Round "?"]
[White "Szalai, Mihaly"]
[Black "Kordts, Wolfgang"]
[Result "1/2-1/2"]
[WhiteElo "2221"]
[BlackElo "2297"]
[PlyCount "41"]
[EventDate "2001.07.30"]
[EventType "tourn (corr)"]
[EventRounds "6"]
[SourceTitle "Corr 2008"]
[Source "ChessBase"]
[SourceDate "2008.06.24"]
[SourceVersion "1"]
[SourceVersionDate "2008.06.24"]
[SourceQuality "1"]

1. e4 c5 2. Nf3 d6 3. d4 cxd4 4. Nxd4 Nf6 5. Nc3 a6 6. Bg5 e6 7. f4 Qc7 8. Qf3 b5 9. f5 b4 10. Ncb5 axb5 11. Bxb5+ Bd7 12. fxe6 Bxb5 13. Nxb5 Qc5 14. Bxf6 fxe6 15. Qh3 gxf6 16. Qxe6+ Be7 17. 0-0-0 Qxb5 18. Qc8+ Kf7 19. Qxh8 Rxa2 20. Qxh7+ Kf8 21. Qh8+ 1/2-1/2

[Event "IECG CM.2001.0.00150"]
[Site "IECG email"]
[Date "2001.07.30"]
[Round "?"]
[White "Szalai, Mihaly"]
[Black "Pappier, Carlos Guillermo"]
[Result "1-0"]
[WhiteElo "2221"]
[BlackElo "2210"]
[PlyCount "73"]
[EventDate "2001.07.30"]
[EventType "tourn (corr)"]
[EventRounds "6"]
[SourceTitle "Corr 2008"]
[Source "ChessBase"]
[SourceDate "2008.06.24"]
[SourceVersion "1"]
[SourceVersionDate "2008.06.24"]
[SourceQuality "1"]

1. e4 e5 2. Nf3 Nc6 3. Bc4 Bc5 4. c3 Qe7 5. d4 Bb6 6. 0-0 d6 7. h3 Nf6 8. Re1 0-0 9. Na3 Kh8 10. Nc2 Bd7 11. b4 a6 12. Qd3 h6 13. a4 Nd8 14. a5 Ba7 15. Be3 Nc6 16. Rad1 Rfd8 17. Bb3 Be8 18. Bd2 Qf8 19. Ne3 Ne7 20. Ng4 Nxg4 21. hxg4 Bb5 22. Qe3 Bd7 23. g5 h5 24. Nh2 Be6 25. Bxe6 fxe6 26. g6 Nxg6 27. Qg5 Qe8 28. Qxh5+ Kg8 29. Nf3 exd4 30. cxd4 Nf8 31. Qg4 Qg6 32. Bg5 Rd7 33. Nh4 Qe8 34. Re3 e5 35. Rh3 Bxd4 36. Rdd3 g6 37. Nf5 1-0

[Event "IECG CM.2001.0.00150"]
[Site "IECG email"]
[Date "2001.07.30"]
[Round "?"]
[White "Szalai, Mihaly"]
[Black "Wurschner, Miroslav"]
[Result "1/2-1/2"]
[WhiteElo "2221"]
[BlackElo "2141"]
[PlyCount "60"]
[EventDate "2001.07.30"]
[EventType "tourn (corr)"]
[EventRounds "6"]
[SourceTitle "Corr 2008"]
[Source "ChessBase"]
[SourceDate "2008.06.24"]
[SourceVersion "1"]
[SourceVersionDate "2008.06.24"]
[SourceQuality "1"]

1. e4 c5 2. Nf3 d6 3. d4 cxd4 4. Nxd4 Nf6 5. Nc3 a6 6. Bg5 e6 7. f4 Be7 8. Qf3 Qc7 9. 0-0-0 Nbd7 10. g4 b5 11. Bxf6 Nxf6 12. g5 Nd7 13. f5 Nc5 14. f6 gxf6 15. gxf6 Bf8 16. Rg1 h5 17. Rg7 b4 18. Nd5 exd5 19. exd5 Nd7 20. Nc6 Bb7 21. Bh3 Bxc6 22. dxc6 Ne5 23. Bd7+ Kd8 24. Qe4 Qb6 25. Be6 Qc5 26. Bxf7 Kc7 27. Rd5 Qc4 28. Qf5 Qxc6 29. Rxe5 dxe5 30. Bd5+ Bxg7 1/2-1/2

[Event "IECG CM.2001.0.00145"]
[Site "IECG email"]
[Date "2001.06.14"]
[Round "?"]
[White "Gmeiner, Peter"]
[Black "Szalai, Mihaly"]
[Result "0-1"]
[WhiteElo "2210"]
[BlackElo "2197"]
[PlyCount "30"]
[EventDate "2001.06.14"]
[EventType "tourn (corr)"]
[EventRounds "6"]
[SourceTitle "Corr 2008"]
[Source "ChessBase"]
[SourceDate "2008.06.24"]
[SourceVersion "1"]
[SourceVersionDate "2008.06.24"]
[SourceQuality "1"]

1. e4 e5 2. Nf3 Nc6 3. d4 exd4 4. Nxd4 Bc5 5. Be3 Qf6 6. c3 Nge7 7. Bc4 Ne5 8. Be2 Qg6 9. 0-0 d6 10. Kh1 Qxe4 11. Nd2 Qg6 12. Nb5 0-0 13. Nxc7 Rb8 14. Bf4 Bf5 15. Nb3 Bb6 0-1

[Event "IECG CM.2001.0.00145"]
[Site "IECG email"]
[Date "2001.06.14"]
[Round "?"]
[White "Labahn, Wolfgang"]
[Black "Szalai, Mihaly"]
[Result "1-0"]
[WhiteElo "2225"]
[BlackElo "2197"]
[PlyCount "59"]
[EventDate "2001.06.14"]
[EventType "tourn (corr)"]
[EventRounds "6"]
[SourceTitle "Corr 2008"]
[Source "ChessBase"]
[SourceDate "2008.06.24"]
[SourceVersion "1"]
[SourceVersionDate "2008.06.24"]
[SourceQuality "1"]

1. d4 d5 2. c4 c6 3. Nc3 Nf6 4. cxd5 cxd5 5. f3 Nc6 6. e4 e6 7. e5 Nd7 8. f4 Be7 9. Nf3 0-0 10. Bd3 Nb6 11. 0-0 Bd7 12. Ng5 g6 13. Nf3 Rc8 14. Qe2 Nb4 15. Bb1 Kh8 16. Be3 Nc4 17. Bf2 a6 18. h4 Kg7 19. h5 Rh8 20. g4 Rg8 21. g5 Be8 22. Nh2 Kh8 23. hxg6 fxg6 24. Ng4 Kg7 25. Kg2 Rh8 26. Rh1 Bf7 27. a3 Nc6 28. Bd3 N4a5 29. Rad1 b5 30. Nf6 1-0

[Event "IECG CM.2001.0.00145"]
[Site "IECG email"]
[Date "2001.06.14"]
[Round "?"]
[White "Szalai, Mihaly"]
[Black "Borgbjerg, Ejner Tatari"]
[Result "1-0"]
[WhiteElo "2197"]
[BlackElo "2200"]
[PlyCount "93"]
[EventDate "2001.06.14"]
[EventType "tourn (corr)"]
[EventRounds "6"]
[SourceTitle "Corr 2008"]
[Source "ChessBase"]
[SourceDate "2008.06.24"]
[SourceVersion "1"]
[SourceVersionDate "2008.06.24"]
[SourceQuality "1"]

1. e4 Nf6 2. e5 Nd5 3. d4 d6 4. Nf3 Bg4 5. Be2 e6 6. 0-0 Be7 7. c4 Nb6 8. Nc3 0-0 9. Be3 d5 10. c5 Bxf3 11. gxf3 Nc8 12. f4 Bh4 13. Bd3 g6 14. f5 exf5 15. Qf3 c6 16. Kh1 f6 17. Rg1 Bg5 18. Bxf5 Ne7 19. Be6+ Kg7 20. Qh3 Bxe3 21. exf6+ Rxf6 22. fxe3 Na6 23. Raf1 Ng8 24. e4 Nc7 25. exd5 cxd5 26. Bg4 Qe7 27. Qg3 Rxf1 28. Rxf1 Re8 29. Bh3 Nf6 30. Bg2 Qd7 31. Qf4 Qe7 32. b4 b6 33. a4 h6 34. Nb5 Nxb5 35. axb5 Ne4 36. Bxe4 Qxe4+ 37. Qxe4 Rxe4 38. c6 Re2 39. Rc1 Re8 40. Kg2 g5 41. Ra1 Re7 42. Rf1 Re4 43. h3 Re2+ 44. Kg3 Re3+ 45. Rf3 Re4 46. Rc3 Re8 47. c7 1-0

[Event "IECG CM.2001.0.00145"]
[Site "IECG email"]
[Date "2001.06.14"]
[Round "?"]
[White "Szalai, Mihaly"]
[Black "Huerga, Jorge Hugo"]
[Result "1-0"]
[WhiteElo "2197"]
[BlackElo "2253"]
[PlyCount "63"]
[EventDate "2001.06.14"]
[EventType "tourn (corr)"]
[EventRounds "6"]
[SourceTitle "Corr 2008"]
[Source "ChessBase"]
[SourceDate "2008.06.24"]
[SourceVersion "1"]
[SourceVersionDate "2008.06.24"]
[SourceQuality "1"]

1. e4 e6 2. d4 d5 3. Nd2 dxe4 4. Nxe4 Nd7 5. Nf3 Ngf6 6. Bg5 Be7 7. Nxf6+ Nxf6 8. Bd3 h6 9. Bh4 c5 10. dxc5 Qa5+ 11. c3 Qxc5 12. Qe2 0-0 13. Ne5 Nd5 14. Qe4 f5 15. Bxe7 Nxe7 16. Qe2 Nc6 17. Nxc6 bxc6 18. 0-0 e5 19. Rfe1 e4 20. Bc4+ Kh7 21. Rad1 Re8 22. Bf7 Re7 23. Qh5 Ba6 24. Bg6+ Kh8 25. Qxf5 Re5 26. Qf4 Rf8 27. Qe3 Qxe3 28. Rxe3 Bc4 29. Rxe4 Rxe4 30. Bxe4 Bxa2 31. Bxc6 Rb8 32. b4 1-0

[Event "IECG CM.2001.0.00139"]
[Site "IECG email"]
[Date "2001.04.15"]
[Round "?"]
[White "Makovsky, Petr"]
[Black "Szalai, Mihaly"]
[Result "0-1"]
[WhiteElo "2264"]
[BlackElo "2200"]
[PlyCount "100"]
[EventDate "2001.04.15"]
[EventType "tourn (corr)"]
[EventRounds "6"]
[SourceTitle "Corr 2008"]
[Source "ChessBase"]
[SourceDate "2008.06.24"]
[SourceVersion "1"]
[SourceVersionDate "2008.06.24"]
[SourceQuality "1"]

1. e4 e5 2. Nf3 Nc6 3. Bc4 Bc5 4. c3 Nf6 5. d4 exd4 6. e5 d5 7. Bb5 Ne4 8. cxd4 Bb6 9. Be3 0-0 10. Bxc6 bxc6 11. Qc2 Ba6 12. Qxc6 Rb8 13. Qa4 Qc8 14. Nbd2 Bd3 15. Rc1 Nxd2 16. Kxd2 Be4 17. Ne1 f6 18. exf6 Rxf6 19. f3 Bg6 20. Nd3 Bxd3 21. Kxd3 Qf5+ 22. Ke2 Re6 23. Kf2 Rbe8 24. Rhe1 Qh5 25. Bf4 Bxd4+ 26. Kf1 c5 27. Bg3 Qg6 28. Qb5 h6 29. Rxe6 Rxe6 30. Qb3 Qf7 31. Qb8+ Kh7 32. Qb3 g6 33. Rc2 Rb6 34. Qa3 Qd7 35. Qa5 c4 36. Rd2 Rb5 37. Qa4 c3 38. Qxd4 cxd2 39. Qxd2 d4 40. Bf4 Rc5 41. Kf2 d3 42. Qb4 Rc2+ 43. Bd2 Qc7 44. Ke3 Qe5+ 45. Qe4 Qg5+ 46. f4 Qc5+ 47. Kxd3 Rxb2 48. Ke2 Qd6 49. Qe3 Rxa2 50. Kd1 Qxd2+ 0-1